[Event "Podhale-ch 18th"]
[Site "Rabka Zdroj"]
[Date "2002.02.05"]
[Round "8"]
[White "Slabek, Grzegorz"]
[Black "Smolak, Krzysztof"]
[Result "1-0"]
[WhiteElo "2229"]
[BlackElo "2158"]
[PlyCount "108"]
[EventDate "2002.02.01"]
[EventType "swiss"]
[EventRounds "9"]
[EventCountry "POL"]
[SourceTitle "EXT 2005"]
[Source "ChessBase"]
[SourceDate "2004.11.15"]
[SourceVersion "1"]
[SourceVersionDate "2004.11.15"]
[SourceQuality "1"]

1. Nf3 Nf6 2. d4 d5 3. g3 g6 4. Bg2 Bg7 5. 0-0 0-0 6. b4 a5 7. b5 c5 8. Bb2 c4 9. a4 Bf5 10. Ne5 Nbd7 11. Nc3 Nb6 12. f3 Bc8 13. e4 e6 14. Kh1 Nfd7 15. Ng4 f5 16. Nf2 Nf6 17. e5 Ne8 18. Ne2 Kf7 19. Bc3 g5 20. Qd2 Nd7 21. b6 Rh8 22. Bxa5 Nb8 23. Bc3 Bd7 24. a5 h5 25. Qc1 Kg6 26. Bd2 Bh6 27. Kg1 Na6 28. g4 Ng7 29. Qa3 Qf8 30. Ng3 Qxa3 31. Rxa3 h4 32. gxf5+ exf5 33. Ne2 Bc6 34. h3 f4 35. Ng4 Ne6 36. Nxh6 Rxh6 37. Rb1 Rh7 38. Bf1 Rd7 39. Kf2 Rc8 40. Bb4 Ra8 41. Bd6 Rg7 42. c3 Rd7 43. Nc1 Kf7 44. Be2 Nd8 45. Bd1 Ke6 46. Bc2 Nf7 47. Bb4 Rg8 48. Ne2 Rdd8 49. Raa1 Bd7 50. Rg1 Nh6 51. Kg2 Nf5 52. Bxf5+ Kxf5 53. Kh2 Rg6 54. Rg4 Rdg8 1-0

[Event "Podhale-ch 18th"]
[Site "Rabka Zdroj"]
[Date "2002.02.03"]
[Round "4"]
[White "Smolak, Krzysztof"]
[Black "Kawula, Andrzej"]
[Result "1-0"]
[WhiteElo "2158"]
[BlackElo "2079"]
[PlyCount "85"]
[EventDate "2002.02.01"]
[EventType "swiss"]
[EventRounds "9"]
[EventCountry "POL"]
[SourceTitle "EXT 2005"]
[Source "ChessBase"]
[SourceDate "2004.11.15"]
[SourceVersion "1"]
[SourceVersionDate "2004.11.15"]
[SourceQuality "1"]

1. e4 c6 2. d4 d5 3. e5 Bf5 4. g4 Be4 5. f3 Bg6 6. Ne2 e6 7. h4 h6 8. Nf4 Ne7 9. Be3 Qb6 10. b3 Nd7 11. Kf2 c5 12. c3 Bh7 13. Bd3 Bxd3 14. Qxd3 Nc6 15. Ne2 0-0-0 16. Nd2 Be7 17. f4 f6 18. Nf3 Rhf8 19. Qg6 fxe5 20. Qxe6 Rf6 21. Qxd5 exf4 22. Nxf4 Nde5 23. dxe5 Rxd5 24. exf6 Rd8 25. fxe7 Nxe7 26. b4 Qf6 27. bxc5 Rf8 28. Rad1 g5 29. hxg5 hxg5 30. Rd6 Qxc3 31. Nxg5 Nc6 32. Nge6 Re8 33. Rhd1 Rh8 34. g5 Qc2+ 35. R1d2 Qf5 36. Kg3 Qe4 37. Bd4 Qe1+ 38. Bf2 Qe4 39. g6 Qh1 40. g7 Qh4+ 41. Kf3 Qh1+ 42. Kg4 Ne5+ 43. Kf5 1-0

[Event "POL-chT2 South"]
[Site "Ustron"]
[Date "2001.09.??"]
[Round "?"]
[White "Wesolowski, Tadeusz"]
[Black "Smolak, Krzysztof"]
[Result "1/2-1/2"]
[WhiteElo "2171"]
[BlackElo "2153"]
[PlyCount "62"]
[EventDate "2001.09.14"]
[EventType "team-swiss"]
[EventRounds "10"]
[EventCountry "POL"]
[SourceTitle "EXT 2019"]
[Source "ChessBase"]
[SourceDate "2018.10.10"]
[SourceVersion "1"]
[SourceVersionDate "2018.10.10"]
[SourceQuality "1"]

1. d4 d5 2. c4 e6 3. Nf3 Nf6 4. Nc3 Be7 5. Bg5 0-0 6. e3 Nbd7 7. cxd5 exd5 8. Bd3 b6 9. 0-0 Bb7 10. Qc2 h6 11. Bh4 a6 12. Rac1 Re8 13. Rfd1 Nh5 14. Bxe7 Qxe7 15. a3 Nhf6 16. Bf5 g6 17. Bh3 Qd6 18. Na4 c6 19. g3 Rab8 20. b4 Qc7 21. Nb2 Re7 22. Nd3 Kg7 23. a4 Ne4 24. Nd2 Ng5 25. Bg2 Qd6 26. a5 b5 27. Nc5 Nxc5 28. Qxc5 Qe6 29. Nb3 Rc8 30. Qc2 Qd6 31. Nc5 f5 1/2-1/2

[Event "Rudnik op 11th"]
[Site "Rudnik"]
[Date "2000.07.01"]
[Round "4"]
[White "Smolak, Krzysztof"]
[Black "Mlynek, Lukasz"]
[Result "1/2-1/2"]
[WhiteElo "2053"]
[BlackElo "2057"]
[PlyCount "63"]
[EventDate "2000.06.28"]
[EventType "tourn"]
[EventRounds "10"]
[EventCountry "POL"]
[SourceTitle "EXT 2005"]
[Source "ChessBase"]
[SourceDate "2004.11.15"]
[SourceVersion "1"]
[SourceVersionDate "2004.11.15"]
[SourceQuality "1"]

1. e4 c5 2. Nf3 d6 3. Bb5+ Bd7 4. Bxd7+ Qxd7 5. 0-0 Nc6 6. c3 Nf6 7. Re1 e5 8. d4 Rd8 9. d5 Ne7 10. Nbd2 Ng6 11. Nf1 h5 12. Ne3 h4 13. Nf5 Nxe4 14. Nxg7+ Bxg7 15. Rxe4 h3 16. g3 Qf5 17. Qe2 Bh6 18. Nh4 Nxh4 19. Rxh4 Bg7 20. Rxh8+ Bxh8 21. g4 Qh7 22. f4 Ke7 23. f5 Rg8 24. Kh1 Bg7 25. Qf3 Qh4 26. Be3 Bh6 27. Bxh6 Qxh6 28. Rg1 f6 29. b3 a6 30. a4 Rg7 31. c4 a5 32. Qe4 1/2-1/2

[Event "POL-ch U18"]
[Site "Wisla"]
[Date "2000.??.??"]
[Round "6"]
[White "Smolak, Krzysztof"]
[Black "Fudalej, Michal"]
[Result "1/2-1/2"]
[WhiteElo "2054"]
[BlackElo "2164"]
[PlyCount "73"]
[EventDate "2000.02.26"]
[EventType "swiss"]
[EventRounds "10"]
[EventCountry "POL"]
[SourceTitle "EXT 2005"]
[Source "ChessBase"]
[SourceDate "2004.11.15"]
[SourceVersion "1"]
[SourceVersionDate "2004.11.15"]
[SourceQuality "1"]

1. e4 c6 2. d4 d5 3. e5 g6 4. f4 Bg7 5. Nf3 Nh6 6. Be2 Bg4 7. 0-0 f6 8. Nbd2 0-0 9. h3 Bxf3 10. Nxf3 Nd7 11. c3 fxe5 12. fxe5 e6 13. Bg5 Qb6 14. Qd2 Nf7 15. Be3 c5 16. c4 cxd4 17. Bxd4 Qc6 18. Qc3 dxc4 19. Bxc4 Nfxe5 20. Nxe5 Nxe5 21. Bxe5 Qc5+ 22. Kh1 Qxe5 23. Qxe5 Bxe5 24. Bxe6+ Kg7 25. Rad1 Bxb2 26. Rd7+ Kh6 27. Rb1 Be5 28. Rdxb7 Rf6 29. Bd5 Rd8 30. Bf3 Rd2 31. Rxa7 Bg3 32. a4 Re6 33. a5 Rb2 34. Ra1 Rb5 35. Rd7 Rbe5 36. Rf1 Rxa5 37. Rd2 1/2-1/2

[Event "POL-chT2 South U19"]
[Site "Rudnik"]
[Date "2000.??.??"]
[Round "4.1"]
[White "Smolak, Krzysztof"]
[Black "Jasik, Krzysztof"]
[Result "1/2-1/2"]
[WhiteElo "2040"]
[BlackElo "2227"]
[PlyCount "44"]
[EventDate "2000.07.20"]
[EventType "team-swiss"]
[EventRounds "10"]
[EventCountry "POL"]
[SourceTitle "EXT 2005"]
[Source "ChessBase"]
[SourceDate "2004.11.15"]
[SourceVersion "1"]
[SourceVersionDate "2004.11.15"]
[SourceQuality "1"]
[WhiteTeam "Gorno Gornovia U19"]
[BlackTeam "Jasien LKS ZPD U19"]
[WhiteTeamCountry "POL"]
[BlackTeamCountry "POL"]

1. e4 c5 2. Nf3 Nc6 3. d4 cxd4 4. Nxd4 e5 5. Nb5 d6 6. c4 Be7 7. N1c3 a6 8. Na3 Be6 9. Be2 Nf6 10. Be3 0-0 11. 0-0 Ne8 12. Nd5 Bxd5 13. cxd5 Nb8 14. Nc4 Nd7 15. b4 Bg5 16. Bg4 Bxe3 17. Nxe3 Ndf6 18. Bf3 g6 19. Rc1 b6 20. a4 Rb8 21. Qe1 Qd7 22. a5 bxa5 1/2-1/2